header

Innovations in the reflecting process (Record no. 119702)

MARC details
000 -LEADER
fixed length control field 01373nam a2200349Ia 4500
245 00 - TITLE STATEMENT
Title Innovations in the reflecting process
260 ## - PUBLICATION, DISTRIBUTION, ETC. (IMPRINT)
Place of publication London :
Name of publisher Karnac,
Year of publication 2007.
300 ## - PHYSICAL DESCRIPTION
Number of Pages xxi, 234 p.
490 1# - SERIES STATEMENT
Series statement Systemic thinking and practice series
650 #0 - SUBJECT ADDED ENTRY--TOPICAL TERM
Topical Term Family psychotherapy.
Topical Term Group psychotherapy.
700 1# - ADDED ENTRY--PERSONAL NAME
Personal name Anderson, Harlene,
Personal name Jensen, Per.
856 40 - ELECTRONIC LOCATION AND ACCESS
Uniform Resource Identifier http://site.ebrary.com/lib/rucke/Doc?id=10478426

No items available.

© 2026 Rongo University
Contact us: librarian | system librarian | Rongo university